Statistics for The Ingham Family

Click here to take the quiz!

General Stats

  • This quiz has been taken 77 times
  • The average score is 5 of 6

Answer Stats

HintAnswer% Correct
FatherChris
94%
MotherSarah
94%
Oldest daughterIsabelle
91%
Only sonJace
89%
Youngest daughterIsla
86%
Middle daughterEsme
83%

Score Distribution

Percentile by Number Answered

Percent of People with Each Score

Your Score History

You have not taken this quiz